000 00701nam a2200289Ia 4500
005 20260324133009.0
008 008 260324s9999 xx 000 0 eng d
020 _a9780203338926
037 _aEBOOK
040 _aCRL
040 _beng
040 _cCRL
041 _2eng
041 _aeng
084 _qCRL
100 _aAlter L. Litvin; John L. H. Keep
_91191414
245 0 _aStalinism
245 0 _bRussian and Western Views at the Turn of the Millenium
260 _bTaylor and Francis
260 _c2004
365 _a
365 _b240
856 _uhttp://www.taylorfrancis.com/books/9780203338926
942 _cEBOOK
999 _c1790041
_d1790041